00496 2200193 4500001002100000008004100021035002000062245006500082100001200147260002400159300002000183020002200203084001400225082000800239650001000247990001500257990001500272990001500287INLIS000000000003199 ind  a0010-1225000020 aHal Yang Tak Kau Bawa Pergi Saat MeninggalkankucJ.S.Khairen aKhairen aJakarta :bGrasindo a279c13,5x20 cm a978-602-05-3133-5 a813 LIY h a813 aFiksi a19632/B/26 a19633/B/26 a19638/B/26